Best NBA player of each decade of each team - Statistics

General Stats
  • This quiz has been taken 105 times
  • The average score is 138 of 201
Answer Stats
Teams Year Answer % Correct
Nets 2020 Kevin Durant
99%
Thunder 2010 Kevin Durant
99%
Cavaliers 2000 LeBron James
99%
Cavaliers 2010 LeBron James
99%
Lakers 2020 LeBron James
99%
Lakers 1990 Shaquille O'Neal
99%
Magic 1990 Shaquille O'Neal
99%
Warriors 2010 Stephen Curry
99%
Warriors 2020 Stephen Curry
99%
Hornets 1980 Dell Curry
97%
Lakers 2000 Kobe Bryant
97%
Lakers 2010 Kobe Bryant
97%
Lakers 1980 Magic Johnson
97%
Bulls 1980 Michael Jordan
97%
Bulls 1990 Michael Jordan
97%
Timberwolves 1980* Doug West
96%
Heat 2000 Dwyane Wade
96%
Heat 2010 Dwyane Wade
96%
Lakers 1960 Jerry West
96%
Bucks 1970 Kareem Abdul-Jabbar
96%
Clippers 2020 Kawhi Leonard
96%
Raptors 2010 Kawhi Leonard
96%
Spurs 2010 Kawhi Leonard
96%
76ers 1960 Wilt Chamberlain
96%
Warriors 1960 Wilt Chamberlain
96%
Knicks 2010 Carmelo Anthony
95%
Nuggets 2000 Carmelo Anthony
95%
Mavericks 2000 Dirk Nowitzki
95%
Mavericks 2010 Dirk Nowitzki
95%
Nuggets 2020 Nikola Jokic
95%
Clippers 2010 Chris Paul
94%
Pelicans 2000 Chris Paul
94%
Bulls 2010 Derrick Rose
94%
Celtics 2010 Isaiah Thomas
94%
Pistons 1980 Isiah Thomas
94%
Wizards 1990 Jeff Malone
94%
Jazz 1990 Karl Malone
94%
Celtics 1980 Larry Bird
94%
Mavericks 2020 Luka Doncic
94%
76ers 1980 Moses Malone
94%
Rockets 1980 Moses Malone
94%
Trailblazers 2010 Damian Lillard
92%
Trailblazers 2020 Damian Lillard
92%
Cavaliers 2020 Donovan Mitchell
92%
Jazz 2020 Donovan Mitchell
92%
Rockets 2010 James Harden
92%
Hawks 2000 Joe Johnson
92%
Spurs 2020 Keldon Johnson
92%
Timberwolves 1990 Kevin Garnett
92%
Timberwolves 2000 Kevin Garnett
92%
76ers 2000 Allen Iverson
91%
Celtics 1960 Bill Russell
91%
Bucks 2010 Giannis Antetokounmpo
91%
Bucks 2020 Giannis Antetokounmpo
91%
Grizzlies 2020 Ja Morant
91%
Celtics 2020 Jayson Tatum
91%
Heat 2020 Jimmy Butler
91%
76ers 2020 Joel Embiid
91%
Spurs 2000 Tim Duncan
91%
Pelicans 2010 Anthony Davis
90%
76ers 1990 Charles Barkley
90%
Suns 1990 Charles Barkley
90%
Spurs 1990 David Robinson
90%
Suns 2010 Devin Booker
90%
Suns 2020 Devin Booker
90%
Bucks 1990 Glenn Robinson
90%
76ers 1970 Julius Erving
90%
Nets 1960 Julius Erving
90%
Nets 1970 Julius Erving
90%
Kings 1960 Oscar Robertson
90%
Celtics 2000 Paul Pierce
90%
Suns 2000 Steve Nash
90%
Hawks 2020 Trae Young
90%
Pacers 2000 Jermaine O'Neal
89%
Grizzlies 2010 Marc Gasol
89%
Grizzlies 2000 Pau Gasol
89%
Magic 2000 Tracy McGrady
89%
Raptors 1990 Vince Carter
89%
Spurs 1980 Alvin Robertson
87%
Warriors 2000 Baron Davis
87%
Rockets 1990 Hakeem Olajuwon
87%
Wizards 2010 John Wall
87%
Pacers 1990 Reggie Miller
87%
Suns 1980 Walter Davis
87%
Pelicans 2020 Zion Williamson
87%
Trailblazers 1980 Clyde Drexler
86%
Trailblazers 1990 Clyde Drexler
86%
Knicks 1990 Patrick Ewing
86%
Nets 1980 Buck Williams
85%
Hawks 1980 Dominique Wilkins
85%
Hawks 1960 Lenny Wilkens
85%
Thunder 1960 Lenny Wilkens
85%
Pacers 2010 Paul George
85%
Thunder 2020 Shai Gilgeous-Alexander
85%
Hawks 1950 Bob Pettit
84%
Pistons 2020 Cade Cunningham
84%
Nets 2000 Jason Kidd
84%
Hornets 2020 LaMelo Ball
84%
Celtics 1970 John Havlicek
82%
Timberwolves 2020 Karl Anthony-Towns
82%
Hornets 2010 Kemba Walker
82%
Bucks 2000 Ray Allen
81%
Thunder 2000 Ray Allen
81%
Bulls 2020 Zach LaVine
81%
Nuggets 1990 Alex English
80%
Celtics 1950 Bob Cousy
80%
Pacers 2020 Tyrese Haliburton
80%
Thunder 1990 Gary Payton
78%
Kings 2020 De'Aaron Fox
77%
Timberwolves 2010 Kevin Love
77%
Knicks 1970 Walt Frazier
77%
Wizards 2020 Bradley Beal
76%
Pistons 2000 Chauncey Billups
76%
Kings 2000 Chris Webber
76%
Spurs 1970 George Gervin
75%
Heat 1990 Alonzo Mourning
73%
Clippers 1970 Bob McAdoo
73%
Lakers 1940 George Mikan
73%
Lakers 1950 George Mikan
73%
Knicks 2020 Julius Randle
73%
Knicks 1960 Willis Reed
73%
Raptors 2020 Pascal Siakam
72%
Wizards 1960 Wes Unseld
72%
Rockets 1960 Elvin Hayes
71%
Wizards 1970 Elvin Hayes
71%
Raptors 2000 Chris Bosh
70%
Warriors 1970 Rick Barry
70%
Warriors 1990 Chris Mullin
68%
Rockets 2020 Jalen Green
68%
Rockets 2000 Yao Ming
68%
Nets 2010 Brook Lopez
66%
Hawks 1990 Dikembe Mutombo
66%
Cavaliers 1990 Mark Price
66%
Wizards 2000 Gilbert Arenas
65%
Hornets 2000 Gerald Wallace
63%
Bulls 1970 Artis Gilmore
62%
Trailblazers 1970 Bill Walton
62%
Jazz 1970 Pete Maravich
62%
Hawks 2010 Al Horford
61%
Nuggets 1980 David Thompson
61%
Kings 2010 DeMarcus Cousins
61%
Hornets 1990 Glen Rice
59%
Magic 2010 Nikola Vucevic
58%
Bucks 1980 Sidney Moncrief
57%
Pistons 1990 Grant Hill
56%
Knicks 1980 Bernard King
54%
Wizards 1980 Bernard King
54%
Trailblazers 2000 Brandon Roy
53%
76ers 1950 Dolph Schayes
53%
Cavaliers 1970 Bingo Smith
51%
Celtics 1990 Robert Parish
51%
Jazz 1980 Adrian Dantley
49%
Pistons 2010 Andre Drummond
48%
Warriors 1950 Paul Arizin
46%
Pistons 1970 Bob Lanier
44%
Jazz 2010 Gordon Hayward
44%
Mavericks 1980 Mark Aguirre
42%
76ers 2010 Andre Iguodala
41%
Jazz 2000 Andrei Kirilenko
39%
Clippers 2000 Elton Brand
39%
Pistons 1960 Dave Bing
38%
Lakers 1970 Gail Goodrich
38%
Kings 1990 Mitch Richmond
38%
Warriors 1980 Mitch Richmond
38%
Kings 1970 Nate Archibald
38%
Cavaliers 1980 Brad Daugherty
34%
Mavericks 1990 Jim Jackson
32%
Bulls 2000 Luol Deng
32%
Knicks 2000 Allan Houston
28%
Nuggets 1970 Dan Issel
28%
Nets 1990 Derrick Coleman
28%
Hawks 1970 Lou Hudson
27%
Grizzlies 1990 Shareef Abdur-Rahim
27%
Magic 1980* Nick Anderson
22%
Suns 1970 Paul Westphal
20%
Bulls 1960 Jerry Sloan
19%
Warriors 1940 Joe Fulks
19%
Spurs 1960 Cliff Hagan
18%
Rockets 1970 Calvin Murphy
16%
Knicks 1950 Richie Guerin
16%
Heat 1980 Rony Seikaly
16%
Thunder 1970 Spencer Haywood
16%
Clippers 1990 Danny Manning
15%
Pacers 1960 Mel Daniels
15%
Pacers 1970 George McGinnis
14%
Kings 1950 Jack Twyman
14%
Clippers 1980 Terry Cummings
14%
Celtics 1940 Ed Macauley
13%
Pistons 1950 George Yardley
13%
Nuggets 2010 Danilo Gallinari
11%
Pacers 1980 Chuck Person
9%
Knicks 1940 Harry Gallatin
8%
Thunder 1980 Xavier McDaniel
8%
Suns 1960* Dick Van Arsdale
6%
Magic 2020 Terrence Ross
6%
Bucks 1960 Jon McGlocklin
5%
Kings 1980 Otis Thorpe
4%
Kings 1940 Bobby Wanzer
3%
76ers 1940 Al Cervi
1%
Hawks 1940 Don Otten
0%
Pistons 1940 Fred Schaus
0%
No matching quizzes found
Score Distribution
Percent of People with Each Score
Percentile by Number Answered
Your Score History
You have not taken this quiz